[Event "4NCL/Div3/KHE vs. MIN"]
[Site "Wokefield Park ENG"]
[Date "2007.05.05"]
[Round "9.3"]
[White "Kwiatkowski, Feliks J"]
[Black "Hardman, Michael J"]
[Result "1-0"]
[WhiteElo "2246"]
[BlackElo "2131"]
[PlyCount "87"]
[EventDate "2007.05.05"]

1. e4 c5 2. Nf3 d6 3. d4 cxd4 4. Nxd4 Nf6 5. Nc3 g6 6. g3 Bg7 7. Bg2 O-O 8. O-O
Nbd7 9. Re1 a6 10. h3 Qc7 11. a4 Rb8 12. Be3 Ne5 13. Qc1 e6 14. Bg5 Nc4 15. b3
Ne5 16. Qd2 Nc6 17. Be3 e5 18. Nxc6 Qxc6 19. Nd5 Nxd5 20. exd5 Qe8 21. Bb6 Qd7
22. a5 f5 23. Ra4 Bf6 24. Rc4 Bd8 25. Qc3 Bxb6 26. axb6 Qb5 27. Rb4 Qd7 28. f4
e4 29. Rc4 Qg7 30. Qxg7+ Kxg7 31. Rc7+ Rf7 32. c4 Bd7 33. Kf2 Kf6 34. b4 Rc8
35. Rxc8 Bxc8 36. c5 dxc5 37. bxc5 Rd7 38. Rd1 Rd8 39. Bf1 Ke7 40. Ke3 Ke8 41.
Be2 Kd7 42. Kd4 Re8 43. Rb1 e3 44. Bd3 1-0

[Event "4NCL/Div3/KHE vs. MIN"]
[Site "Wokefield Park ENG"]
[Date "2007.05.05"]
[Round "9.4"]
[White "Parker, Robert"]
[Black "Krzywda, Andrzej"]
[Result "1-0"]
[WhiteElo "2097"]
[BlackElo "2190"]
[PlyCount "51"]
[EventDate "2007.05.05"]

1. d4 Nf6 2. Nf3 g6 3. c4 Bg7 4. Nc3 O-O 5. Bf4 d6 6. e3 Nbd7 7. Be2 c6 8. h3
Qe8 9. O-O e5 10. Bh2 Qe7 11. Rc1 b6 12. b4 Bb7 13. c5 dxc5 14. bxc5 bxc5 15.
Nxe5 cxd4 16. exd4 Rfd8 17. Qb3 Nb6 18. Rfd1 Rac8 19. Na4 Nxa4 20. Qxa4 Nd7 21.
Nxf7 Kxf7 22. Bc4+ Kf8 23. Re1 Qf6 24. Re6 Qxd4 25. Bd6+ Kg8 26. Re8# 1-0

[Event "4NCL/Div3/KHE vs. MIN"]
[Site "Wokefield Park ENG"]
[Date "2007.05.05"]
[Round "9.5"]
[White "Sandu, Mihaela"]
[Black "Almond, Richard"]
[Result "0-1"]
[WhiteElo "2226"]
[BlackElo "2088"]
[PlyCount "92"]
[EventDate "2007.05.05"]

1. e4 d5 2. exd5 Qxd5 3. Nc3 Qa5 4. d4 c6 5. Nf3 Nf6 6. Bc4 Bf5 7. Bd2 e6 8.
Nd5 Qd8 9. Nxf6+ Qxf6 10. Qe2 Nd7 11. O-O-O Nb6 12. Bb3 Bg4 13. d5 Bxf3 14.
gxf3 cxd5 15. Bxd5 O-O-O 16. Be4 Bc5 17. a4 Qe7 18. a5 Nd5 19. a6 b6 20. f4 g6
21. Bg2 Qc7 22. Qf3 Bd6 23. Kb1 Qc4 24. Bc1 Bb8 25. Bf1 Qc6 26. Rd4 Bc7 27. Bg2
b5 28. Qb3 Qxa6 29. Bxd5 Rxd5 30. Rxd5 exd5 31. Qxd5 Qb7 32. Qd1 Rd8 33. Qe1
Qd5 34. Rg1 Bb6 35. Rg3 Kb7 36. Qe7+ Qd7 37. Qb4 a6 38. Rc3 Qd6 39. Qe4+ Qd5
40. Qe7+ Qd7 41. Qh4 h5 42. Be3 Qe6 43. b3 Rd1+ 44. Kb2 Bd8 45. f5 Qxe3 46. f6
Qc1+ 0-1

[Event "4NCL/Div3/KHE vs. MIN"]
[Site "Wokefield Park ENG"]
[Date "2007.05.05"]
[Round "9.6"]
[White "James, Stephen B"]
[Black "McMichael, Richard"]
[Result "1/2-1/2"]
[WhiteElo "2053"]
[BlackElo "2260"]
[PlyCount "52"]
[EventDate "2007.05.05"]

1. e4 e6 2. d4 d5 3. Nc3 Bb4 4. e5 c5 5. a3 Ba5 6. b4 cxd4 7. Qg4 Ne7 8. Qxg7
Rg8 9. Qxh7 dxc3 10. bxa5 Nbc6 11. Nf3 Qc7 12. Bf4 Bd7 13. Rb1 O-O-O 14. Qd3
Rg4 15. Bg3 Qxa5 16. Rb3 d4 17. Be2 Nf5 18. O-O Nce7 19. Rfb1 Bc6 20. Ne1 Re4
21. Bf3 Nxg3 22. hxg3 Rxe5 23. Bxc6 Nxc6 24. Nf3 Red5 25. Rxb7 R8d7 26. R7b3
Qa4 1/2-1/2

[Event "4NCL/Div3/KHE vs. MIN"]
[Site "Wokefield Park ENG"]
[Date "2007.05.05"]
[Round "9.7"]
[White "Wittmann, Jochen"]
[Black "Ackley, Peter"]
[Result "0-1"]
[WhiteElo "2215"]
[BlackElo "2117"]
[PlyCount "82"]
[EventDate "2007.05.05"]

1. f4 d5 2. Nf3 g6 3. g3 Bg7 4. Bg2 c6 5. Nc3 d4 6. Ne4 f5 7. Nf2 Qd6 8. O-O
Nd7 9. Re1 Ngf6 10. e4 Nxe4 11. Nxe4 fxe4 12. Ng5 Nf6 13. Nxe4 Nxe4 14. Bxe4
Bd7 15. c4 a5 16. d3 O-O 17. Bd2 a4 18. b3 a3 19. b4 e5 20. Rb1 exf4 21. Bxf4
Qf6 22. Qd2 Rae8 23. b5 Bf5 24. Bg2 Bd7 25. bxc6 Bxc6 26. Rf1 Qe6 27. Rbe1 Qg4
28. h3 Qd7 29. Rxe8 Rxe8 30. Re1 h6 31. Rxe8+ Qxe8 32. Bxc6 bxc6 33. Qf2 g5 34.
Bd6 Qg6 35. c5 Qxd3 36. Qg2 Qb1+ 37. Qf1 Qxa2 38. Qf5 Qa1+ 39. Kf2 Qb2+ 40. Kf3
Qb3+ 41. Kf2 Qf7 0-1

[Event "4NCL/Div3/KHE vs. MIN"]
[Site "Wokefield Park ENG"]
[Date "2007.05.05"]
[Round "9.8"]
[White "Barr, Gabriel"]
[Black "Okike, David C"]
[Result "0-1"]
[WhiteElo "1695"]
[BlackElo "2180"]
[PlyCount "60"]
[EventDate "2007.05.05"]

1. d4 Nf6 2. c4 e6 3. Nc3 Bb4 4. Nf3 c5 5. Bd2 O-O 6. e3 b6 7. dxc5 Bxc5 8. Na4
Be7 9. Rc1 d6 10. Be2 Bb7 11. O-O Qd7 12. Nc3 Nc6 13. Nd4 Ne5 14. f4 Nc6 15.
Ncb5 Nxd4 16. Nxd4 Ne4 17. Bf3 Rac8 18. Bb4 Rfd8 19. Bg4 f5 20. Bh3 Bf6 21. g4
g6 22. gxf5 gxf5 23. Qh5 Qg7+ 24. Bg2 Bxd4 25. exd4 Qxd4+ 26. Kh1 Qxb2 27. Rc3
Qxb4 28. Rh3 Rd7 29. Bf3 Rg7 30. Qh4 Qxc4 0-1

[Event "4NCL/Div3/CHEDP vs. SLOS3"]
[Site "Wokefield Park ENG"]
[Date "2007.05.05"]
[Round "9.1"]
[White "Bellin, Robert"]
[Black "Edgell, Ben P"]
[Result "1/2-1/2"]
[WhiteElo "2385"]
[BlackElo "2060"]
[PlyCount "51"]
[EventDate "2007.05.05"]

1. Nf3 Nf6 2. g3 b6 3. Bg2 Bb7 4. O-O e6 5. c4 Be7 6. Nc3 O-O 7. Re1 c5 8. e4
d6 9. d4 cxd4 10. Nxd4 Qc7 11. b3 a6 12. Bb2 Nbd7 13. Rc1 Rac8 14. h3 Rfd8 15.
Qd2 Qb8 16. Qe3 Nc5 17. b4 Ncd7 18. Bf1 Ne5 19. Na4 Bxe4 20. f4 Ned7 21. Nc3
Ba8 22. Nxe6 Qb7 23. Nd5 Nxd5 24. Nxd8 Rxd8 25. cxd5 Qxd5 26. Re2 1/2-1/2

[Event "4NCL/Div3/CHEDP vs. SLOS3"]
[Site "Wokefield Park ENG"]
[Date "2007.05.05"]
[Round "9.2"]
[White "de Coverly, Roger"]
[Black "Wallace, Paul A"]
[Result "1/2-1/2"]
[WhiteElo "2083"]
[BlackElo "2278"]
[PlyCount "87"]
[EventDate "2007.05.05"]

1. Nf3 Nf6 2. g3 g6 3. Bg2 Bg7 4. c4 O-O 5. O-O c5 6. d4 cxd4 7. Nxd4 Nc6 8.
Nc3 Nxd4 9. Qxd4 d6 10. Qd2 Rb8 11. b3 a6 12. Bb2 Bd7 13. Nd5 Nxd5 14. Bxg7
Kxg7 15. Bxd5 Bc6 16. Rfd1 Bxd5 17. Qxd5 Qc7 18. Rac1 Rfc8 19. Qd4+ Kg8 20. h4
h5 21. Qf4 Qa5 22. Qd2 Qxd2 23. Rxd2 Rc5 24. Rcd1 Rbc8 25. e3 Kg7 26. Kf1 Kf6
27. Ke2 a5 28. a4 R8c6 29. f3 Ke6 30. Rd5 Kd7 31. Rxc5 Rxc5 32. g4 Ke6 33. e4
Kf6 34. Ke3 g5 35. hxg5+ Rxg5 36. gxh5 Rxh5 37. Rd5 Rxd5 38. cxd5 Kg5 39. f4+
Kg4 40. f5 b6 41. Kd3 Kf4 42. Kd4 f6 43. Kd3 Kf3 44. Kd4 1/2-1/2

[Event "4NCL/Div3/CHEDP vs. SLOS3"]
[Site "Wokefield Park ENG"]
[Date "2007.05.05"]
[Round "9.3"]
[White "Harman, Kenneth B"]
[Black "Nelson, Omowale"]
[Result "1/2-1/2"]
[WhiteElo "2173"]
[BlackElo "2096"]
[PlyCount "109"]
[EventDate "2007.05.05"]

1. d4 d5 2. Nf3 Nf6 3. c4 dxc4 4. e3 e6 5. Bxc4 a6 6. O-O c5 7. Qe2 Nbd7 8. a4
Be7 9. Rd1 cxd4 10. exd4 O-O 11. Nc3 Nb6 12. Bb3 Nbd5 13. Bg5 Re8 14. Rac1 Nxc3
15. bxc3 Nd5 16. Bxe7 Qxe7 17. c4 Nb4 18. Ne5 Bd7 19. Qf3 Nc6 20. Nxd7 Qxd7 21.
d5 exd5 22. cxd5 Ne5 23. Qg3 Qd6 24. Qc3 Rad8 25. Qc7 Qb4 26. Qc3 Qd6 27. Qc5
Kf8 28. a5 Re7 29. Ba4 f5 30. f4 Ng4 31. g3 Re2 32. Qxd6+ Rxd6 33. Rc8+ Kf7 34.
Rc7+ Kf6 35. Rxb7 Ne3 36. Rd3 Nc4 37. Rd7 Ra2 38. Rxd6+ Nxd6 39. Rd4 Ke7 40. h3
Ne4 41. g4 g6 42. Rb4 Nc5 43. Bc6 Rxa5 44. Rb8 Nd3 45. Rb7+ Kd6 46. Rxh7 Nxf4
47. gxf5 gxf5 48. Rh6+ Kc5 49. Rf6 Ra2 50. h4 a5 51. Rxf5 Ne2+ 52. Kf2 Nc3+ 53.
Kg3 Ra1 54. h5 a4 55. Bxa4 1/2-1/2

[Event "4NCL/Div3/CHEDP vs. SLOS3"]
[Site "Wokefield Park ENG"]
[Date "2007.05.05"]
[Round "9.4"]
[White "Armstrong, Malcolm"]
[Black "Bennett, Patrick"]
[Result "0-1"]
[WhiteElo "2117"]
[BlackElo "2142"]
[PlyCount "66"]
[EventDate "2007.05.05"]

1. d4 Nf6 2. Nf3 g6 3. Nc3 d5 4. Bf4 Bg7 5. Qd2 h6 6. O-O-O c6 7. h3 b5 8. Ne5
Qa5 9. a3 g5 10. Bh2 Bf5 11. f3 Qb6 12. g4 Bh7 13. e3 Nbd7 14. Bd3 Bxd3 15.
Qxd3 a5 16. Nxd7 Nxd7 17. e4 b4 18. Nb1 dxe4 19. fxe4 O-O 20. h4 gxh4 21. Bf4
c5 22. Be3 Rac8 23. axb4 c4 24. Qd2 axb4 25. Rxh4 c3 26. Qd3 cxb2+ 27. Kd2 Qf6
28. Rdh1 Nc5 29. e5 Qf3 30. dxc5 Rfd8 31. Bd4 Qf4+ 32. Ke2 Rxd4 33. Qf3 Qxe5+
0-1

[Event "4NCL/Div3/CHEDP vs. SLOS3"]
[Site "Wokefield Park ENG"]
[Date "2007.05.05"]
[Round "9.5"]
[White "Berglitz, Regina H"]
[Black "Varnam, Liam D"]
[Result "1/2-1/2"]
[WhiteElo "2090"]
[BlackElo "2042"]
[PlyCount "43"]
[EventDate "2007.05.05"]

1. e4 e5 2. Nf3 Nc6 3. Bc4 Nf6 4. d3 Be7 5. Nc3 d6 6. h3 Na5 7. Bb3 c6 8. Qe2
O-O 9. O-O b5 10. d4 Nxb3 11. axb3 Qc7 12. Bg5 a5 13. Qe3 exd4 14. Nxd4 b4 15.
Nce2 c5 16. Nf5 Bxf5 17. exf5 Nd5 18. Qg3 Bxg5 19. Qxg5 Nf6 20. Rfe1 d5 21. Ng3
Rfe8 22. Nh5 1/2-1/2

[Event "4NCL/Div3/CHEDP vs. SLOS3"]
[Site "Wokefield Park ENG"]
[Date "2007.05.05"]
[Round "9.6"]
[White "Makepeace, Philip J"]
[Black "Hamblin, David J"]
[Result "1/2-1/2"]
[WhiteElo "1965"]
[BlackElo "2070"]
[PlyCount "32"]
[EventDate "2007.05.05"]

1. e4 c5 2. Nf3 d6 3. d4 cxd4 4. Bc4 Nf6 5. O-O g6 6. e5 dxe5 7. Nxe5 Be6 8.
Bxe6 fxe6 9. c3 Bg7 10. cxd4 O-O 11. Nc3 Nbd7 12. Bg5 Nd5 13. Qg4 Rf5 14. Nxd5
exd5 15. Nf3 Nf6 16. Qh3 Ne4 1/2-1/2

[Event "4NCL/Div3/CHEDP vs. SLOS3"]
[Site "Wokefield Park ENG"]
[Date "2007.05.05"]
[Round "9.7"]
[White "Butterworth, Andrew"]
[Black "Willis, Rupert"]
[Result "1-0"]
[WhiteElo "2095"]
[BlackElo "1870"]
[PlyCount "69"]
[EventDate "2007.05.05"]

1. e4 d6 2. d4 Nf6 3. Nc3 g6 4. f4 Bg7 5. Nf3 c5 6. dxc5 Qa5 7. Bd3 Qxc5 8. Qe2
Bg4 9. Be3 Qa5 10. O-O O-O 11. h3 Bxf3 12. Qxf3 Nc6 13. Kh1 Rac8 14. a3 Nd7 15.
Bd2 Qd8 16. Qf2 Nc5 17. Rab1 Nxd3 18. cxd3 f5 19. g4 e5 20. gxf5 Kh8 21. fxg6
exf4 22. Bxf4 Ne5 23. Qg3 Rxf4 24. Rxf4 Nxg6 25. Rf7 Rc7 26. Rbf1 Rxf7 27. Rxf7
Qb6 28. Qf2 Qd8 29. Nd5 Qc8 30. Kg2 Qc1 31. Rc7 Qg5+ 32. Kh1 Qh6 33. Rc8+ Bf8
34. Qf6+ Kg8 35. Ne7+ 1-0

[Event "4NCL/Div3/CHEDP vs. SLOS3"]
[Site "Wokefield Park ENG"]
[Date "2007.05.05"]
[Round "9.8"]
[White "Navias, Andrew"]
[Black "Kirby, Peter J"]
[Result "1/2-1/2"]
[WhiteElo "1865"]
[BlackElo "2056"]
[PlyCount "68"]
[EventDate "2007.05.05"]

1. d4 Nf6 2. Nf3 e6 3. Bf4 b6 4. c4 Bb4+ 5. Nbd2 Bb7 6. a3 Bxd2+ 7. Nxd2 d5 8.
b4 O-O 9. c5 bxc5 10. bxc5 Ba6 11. e3 Bxf1 12. Nxf1 Nc6 13. Bg5 h6 14. h4 Rb8
15. f4 Qc8 16. Bxf6 gxf6 17. g4 Qa6 18. g5 Rb2 19. gxf6 Qa5+ 20. Nd2 Kh8 21.
Rg1 Qc3 22. Qe2 Rxd2 23. Qxd2 Qxa1+ 24. Kf2 Qxa3 25. Qd1 Rb8 26. Qh5 Rb2+ 27.
Kf3 Nxd4+ 28. Kg4 Nf5 29. Qxf7 Qxe3 30. Qf8+ Kh7 31. Qf7+ Kh8 32. Qf8+ Kh7 33.
Qf7+ Kh8 34. Qf8+ Kh7 1/2-1/2

[Event "4NCL/Div3/NWE2 vs. BRJ"]
[Site "Wokefield Park ENG"]
[Date "2007.05.05"]
[Round "9.1"]
[White "Coates, Kenneth G"]
[Black "Richmond, Peter A"]
[Result "0-1"]
[WhiteElo "2230"]
[BlackElo "2250"]
[PlyCount "82"]
[EventDate "2007.05.05"]

1. e4 c5 2. c3 Nf6 3. e5 Nd5 4. d4 cxd4 5. Nf3 e6 6. cxd4 b6 7. Bc4 Bb7 8. O-O
d6 9. Qe2 Nd7 10. Bg5 Be7 11. Bxe7 Qxe7 12. Nbd2 O-O 13. Rac1 dxe5 14. dxe5
Rac8 15. Ne4 Ba8 16. Rfd1 Nf4 17. Qe3 Ng6 18. Nd6 Rc5 19. b4 Bxf3 20. bxc5 Bxd1
21. Rxd1 Nxc5 22. f4 Rd8 23. Rf1 Qc7 24. g3 Rd7 25. h4 Nb7 26. Bb5 Rd8 27. Rc1
Nc5 28. h5 Ne7 29. Ne4 Nf5 30. Qf3 Nd4 31. Qf1 Qb7 32. Nxc5 bxc5 33. Rxc5 Nf3+
34. Kf2 Qb6 35. Kxf3 Qxc5 36. Kg4 Qd5 37. Bc4 Qd1+ 38. Qxd1 Rxd1 39. Bb3 Rd3
40. Kh4 Kf8 41. g4 Rf3 0-1

[Event "4NCL/Div3/NWE2 vs. BRJ"]
[Site "Wokefield Park ENG"]
[Date "2007.05.05"]
[Round "9.2"]
[White "Headlong, Timothy"]
[Black "Charleshouse, Glenn L"]
[Result "0-1"]
[WhiteElo "2214"]
[BlackElo "2244"]
[PlyCount "152"]
[EventDate "2007.05.05"]

1. c4 e6 2. Nf3 b6 3. g3 Nf6 4. Bg2 Bb7 5. O-O Be7 6. Nc3 O-O 7. Re1 c5 8. e4
d6 9. d4 cxd4 10. Nxd4 Qc7 11. b3 a6 12. Bb2 Nbd7 13. Rc1 Rac8 14. Qd2 Rfd8 15.
h3 Qb8 16. Qe3 Bf8 17. Kh1 Re8 18. Nc2 Qa8 19. Qd4 Red8 20. Kh2 Bc6 21. Nb4 Bb7
22. Nc2 Qb8 23. Ne3 Nc5 24. Ng4 Nxg4+ 25. hxg4 Nd7 26. Rcd1 Qc7 27. Rc1 Qb8 28.
g5 Bc6 29. a4 b5 30. axb5 axb5 31. cxb5 Bxb5 32. Nxb5 Qxb5 33. Qe3 Ne5 34. Kg1
Rxc1 35. Rxc1 Rb8 36. Bxe5 dxe5 37. Rc3 Bb4 38. Bf1 Qb7 39. Rc1 Ba3 40. Rb1 Qe7
41. Qc3 Bd6 42. Rd1 g6 43. Qc6 Bb4 44. Rd7 Qc5 45. Rc7 Qxc6 46. Rxc6 Be7 47.
Bc4 Bxg5 48. Rc5 Bf6 49. Kg2 h5 50. Ra5 Rb7 51. Ra1 Kf8 52. Ra4 Be7 53. Ra8+
Kg7 54. Ra5 Kf6 55. Kf3 Rc7 56. Ra1 Bc5 57. Ra5 Bd4 58. Kg2 Bc3 59. Ra2 Rd7 60.
Rc2 Bb4 61. Ra2 Rd4 62. Kf3 g5 63. Re2 Bd2 64. Bb5 Ke7 65. Bc4 Kd6 66. Bb5 f5
67. Be8 g4+ 68. Kg2 f4 69. Kg1 f3 70. Rxd2 Rxd2 71. Bxh5 Rd1+ 72. Kh2 Rf1 73.
Bxg4 Rxf2+ 74. Kg1 Rg2+ 75. Kf1 Rxg3 76. Bh5 f2 0-1

[Event "4NCL/Div3/NWE2 vs. BRJ"]
[Site "Wokefield Park ENG"]
[Date "2007.05.05"]
[Round "9.3"]
[White "Hulmes, David I"]
[Black "Girdlestone, Paul"]
[Result "1-0"]
[WhiteElo "2216"]
[BlackElo "2225"]
[Annotator "Armstrong,Malcolm"]
[PlyCount "69"]
[EventDate "2007.05.05"]

1. e4 e5 2. Nf3 Nc6 3. Bb5 a6 4. Ba4 d6 5. c3 Bd7 6. O-O g6 7. d4 Bg7 8. Re1
Nge7 9. d5 Nb8 10. Bc2 O-O 11. c4 b5 12. b3 f5 13. Bb2 fxe4 14. Bxe4 Nf5 15.
Nbd2 c5 16. dxc6 Nxc6 17. Bd5+ Kh8 18. Ne4 Rc8 19. Qd2 bxc4 20. Bxc4 Bh6 21.
Qd1 Nfd4 22. Nxd4 exd4 23. Nxd6 Qh4 24. Ne4 Rce8 25. Ng3 Qf4 26. Rf1 Bg7 27.
Qc1 Qh4 28. Qd2 Rf4 29. Rae1 Ne5 30. Bxa6 Bc6 31. Be2 Bh6 32. Qd1 Qd8 33. Bd3
Rh4 34. Re2 Bf3 35. Rfe1 {time} 1-0

[Event "4NCL/Div3/NWE2 vs. BRJ"]
[Site "Wokefield Park ENG"]
[Date "2007.05.05"]
[Round "9.4"]
[White "Haydon, Richard"]
[Black "Hughes, Howard R"]
[Result "0-1"]
[WhiteElo "2208"]
[BlackElo "2199"]
[PlyCount "94"]
[EventDate "2007.05.05"]

1. Nf3 f5 2. d4 e6 3. g3 Nf6 4. Bg2 Be7 5. O-O O-O 6. b3 Qe8 7. Bb2 d6 8. Nbd2
Nc6 9. e3 Qh5 10. Ne1 Qh6 11. Qe2 Bd7 12. Nd3 Rae8 13. f3 Kh8 14. a4 e5 15.
dxe5 dxe5 16. Nc4 e4 17. Nde5 Nxe5 18. Nxe5 Be6 19. Rad1 Bd6 20. Nc4 Bxc4 21.
Qxc4 Qxe3+ 22. Kh1 exf3 23. Rxf3 Qh6 24. Bxf6 Qxf6 25. Rfd3 b6 26. Bf3 Re5 27.
Rd5 Re3 28. R5d3 Re7 29. Qd5 g6 30. Qc6 Rfe8 31. Kg2 g5 32. R1d2 g4 33. Bd1 Re1
34. Rf2 Qe5 35. Rdd2 Qc5 36. Qxc5 Bxc5 37. Rf1 Kg7 38. Rxe1 Rxe1 39. h4 Bd6 40.
Be2 Kf6 41. Kf2 Rh1 42. Kg2 Rh3 43. Rd3 h5 44. Bf1 a5 45. c3 Kg6 46. b4 axb4
47. cxb4 Bxb4 0-1

[Event "4NCL/Div3/NWE2 vs. BRJ"]
[Site "Wokefield Park ENG"]
[Date "2007.05.05"]
[Round "9.5"]
[White "Spence, David"]
[Black "Hall, Daniel J"]
[Result "1-0"]
[WhiteElo "2174"]
[BlackElo "2088"]
[PlyCount "53"]
[EventDate "2007.05.05"]

1. e4 c5 2. c3 d5 3. exd5 Qxd5 4. d4 Nf6 5. Nf3 Bg4 6. dxc5 Qxd1+ 7. Kxd1 e5 8.
b4 e4 9. h3 Bh5 10. g4 Nxg4 11. hxg4 Bxg4 12. Nbd2 exf3 13. Bd3 Nc6 14. Re1+
Be7 15. Be4 Rd8 16. Kc2 f5 17. Bxc6+ bxc6 18. Nc4 Kf8 19. Bf4 Bf6 20. Re6 Re8
21. Rae1 Rxe6 22. Rxe6 Kf7 23. Rxc6 h5 24. b5 h4 25. b6 axb6 26. cxb6 h3 27. b7
1-0

[Event "4NCL/Div3/NWE2 vs. BRJ"]
[Site "Wokefield Park ENG"]
[Date "2007.05.05"]
[Round "9.6"]
[White "Richmond, Jane"]
[Black "Redmond, John"]
[Result "0-1"]
[WhiteElo "2142"]
[BlackElo "2226"]
[PlyCount "90"]
[EventDate "2007.05.05"]

1. d4 e6 2. e4 d5 3. Nc3 Bb4 4. e5 Qd7 5. Bd2 b6 6. a4 c6 7. g4 Ba6 8. Bg2 Ne7
9. Nge2 c5 10. Nb5 Bxd2+ 11. Qxd2 Bxb5 12. axb5 Qxb5 13. O-O O-O 14. f4 f5 15.
exf6 Rxf6 16. Qe3 Nbc6 17. c3 Raf8 18. Qd2 a5 19. Rf2 cxd4 20. Nxd4 Nxd4 21.
Qxd4 g5 22. Qe5 h6 23. Re1 Ng6 24. Qe3 Nxf4 25. h4 Qc5 26. Qxc5 bxc5 27. Kh2 c4
28. Ra1 Ra8 29. Ra4 Kg7 30. Rxc4 dxc4 31. Bxa8 Nd3 32. Rd2 Rf2+ 33. Rxf2 Nxf2
34. Kg2 Nd3 35. hxg5 hxg5 36. Kf3 Nxb2 37. Ke2 Nd3 38. Bc6 Ne5 39. Be8 Nxg4 40.
Kf3 Ne5+ 41. Ke4 Nf7 42. Ba4 Kf6 43. Bd1 Nd6+ 44. Kd4 g4 45. Kc5 g3 0-1

[Event "4NCL/Div3/NWE2 vs. BRJ"]
[Site "Wokefield Park ENG"]
[Date "2007.05.05"]
[Round "9.7"]
[White "Duckers, Harvey L"]
[Black "Rabbitt, Michael"]
[Result "1-0"]
[WhiteElo "2115"]
[BlackElo "2165"]
[PlyCount "86"]
[EventDate "2007.05.05"]

1. c4 f5 2. Nc3 Nf6 3. g3 e6 4. Bg2 Be7 5. d3 O-O 6. e4 fxe4 7. dxe4 Nc6 8. f4
e5 9. Nf3 Kh8 10. O-O exf4 11. gxf4 Bc5+ 12. Kh1 d6 13. Qd3 Be6 14. Bd2 a5 15.
Rae1 Ng4 16. Qe2 Qe8 17. Nd5 Qh5 18. Bc3 Rac8 19. Qd2 a4 20. b4 axb3 21. axb3
Rf7 22. Re2 Ne7 23. Nxe7 Rxe7 24. f5 Bd7 25. h3 Rce8 26. Nh2 Ne5 27. Bxe5 dxe5
28. Ng4 Rf7 29. Qc3 Bd4 30. Qg3 Ra8 31. Bf3 Qg5 32. h4 Qe7 33. Rb1 Rff8 34. Ne3
Qc5 35. Rg2 Rf7 36. Nd5 c6 37. Bh5 Qf8 38. Bxf7 Qxf7 39. Nc7 Rg8 40. Ne6 Bxe6
41. fxe6 Qxe6 42. Rf1 b5 43. Rf8 bxc4 1-0

[Event "4NCL/Div3/NWE2 vs. BRJ"]
[Site "Wokefield Park ENG"]
[Date "2007.05.05"]
[Round "9.8"]
[White "Cabero, Pablo Padilla"]
[Black "Morrison, Lynne"]
[Result "1-0"]
[WhiteElo "2085"]
[BlackElo "1966"]
[PlyCount "47"]
[EventDate "2007.05.05"]

1. e4 c5 2. Nc3 Nc6 3. g3 g6 4. Bg2 Bg7 5. d3 d6 6. Be3 e6 7. Qd2 Nge7 8. Bh6
O-O 9. h4 f5 10. h5 Rf7 11. hxg6 hxg6 12. Nf3 Kf8 13. Ng5 Bxh6 14. Rxh6 Rg7 15.
O-O-O Nd4 16. Rdh1 Ng8 17. Rh7 Rxh7 18. Rxh7 Rb8 19. exf5 gxf5 20. Qf4 b5 21.
Qh4 b4 22. Rh8 bxc3 23. Rxg8+ Kxg8 24. Qh7+ 1-0

[Event "4NCL/Div3/PAP vs. GUI4"]
[Site "Wokefield Park ENG"]
[Date "2007.05.05"]
[Round "9.1"]
[White "Ward, Chris G"]
[Black "Howell, Christopher"]
[Result "1/2-1/2"]
[WhiteElo "2447"]
[BlackElo "2112"]
[PlyCount "108"]
[EventDate "2007.05.05"]

1. d4 Nf6 2. c4 g6 3. Nc3 Bg7 4. e4 d6 5. f3 O-O 6. Nge2 c5 7. d5 a6 8. a4 Qa5
9. Ra3 e6 10. Ng3 exd5 11. cxd5 Re8 12. Be2 Nbd7 13. O-O h5 14. h3 h4 15. Nh1
Nh5 16. Bg5 Bd4+ 17. Kh2 Be5+ 18. f4 Bxc3 19. bxc3 Ng3 20. Nxg3 hxg3+ 21. Kxg3
f6 22. Bh4 Rxe4 23. Bd3 Re7 24. Kh2 Rh7 25. Qe1 Nf8 26. Bxf6 c4 27. Be4 Bf5 28.
Bxf5 gxf5 29. Ra2 Qxd5 30. Rd2 Qc6 31. Qg3+ Kf7 32. Qg5 Nd7 33. Bd4 Qe4 34. g4
Rg8 35. Qxf5+ Qxf5 36. gxf5 Rh5 37. Rb2 b6 38. f6 Rgh8 39. Rf3 b5 40. axb5 axb5
41. Ra2 Nxf6 42. Ra7+ Ke6 43. Re3+ Kf5 44. Rf7 R8h6 45. Rg3 Ke6 46. Rb7 Nd5 47.
Rxb5 Nxf4 48. Re3+ Kd7 49. Rxh5 Rxh5 50. Kg3 Ne6 51. Bf6 Rh6 52. Rf3 Rg6+ 53.
Kf2 Ng5 54. Bxg5 Rxg5 1/2-1/2

[Event "4NCL/Div3/PAP vs. GUI4"]
[Site "Wokefield Park ENG"]
[Date "2007.05.05"]
[Round "9.2"]
[White "Dekker, Alain"]
[Black "Summerscale, Aaron"]
[Result "0-1"]
[WhiteElo "2137"]
[BlackElo "2489"]
[PlyCount "76"]
[EventDate "2007.05.05"]

1. e4 Nf6 2. e5 Nd5 3. d4 d6 4. c4 Nb6 5. Nf3 g6 6. Nc3 Bg7 7. exd6 cxd6 8. Bg5
h6 9. Be3 O-O 10. Qd2 Kh7 11. h3 e5 12. O-O-O Nc6 13. d5 Ne7 14. c5 Nd7 15.
cxd6 Nf5 16. Nb5 Nxe3 17. Qxe3 Nb6 18. Kb1 Bd7 19. Be2 Bxb5 20. Bxb5 Qxd6 21.
Rhe1 a6 22. Bf1 Rfe8 23. g4 e4 24. Ng1 Rad8 25. Qb3 Qc5 26. Re2 Rxd5 27. Rc1
Qd6 28. Rec2 Re7 29. Ne2 Rb5 30. Qg3 Be5 31. f4 exf3 32. Qxf3 Nc4 33. Nc3 Na3+
34. Ka1 Nxc2+ 35. Rxc2 Rc5 36. a3 Bxc3 37. Rxc3 Rxc3 38. bxc3 Qxa3+ 0-1

[Event "4NCL/Div3/PAP vs. GUI4"]
[Site "Wokefield Park ENG"]
[Date "2007.05.05"]
[Round "9.3"]
[White "Winkelmann, Elena"]
[Black "Punnett, Alan K"]
[Result "1-0"]
[WhiteElo "2114"]
[BlackElo "2123"]
[PlyCount "109"]
[EventDate "2007.05.05"]

1. d4 Nf6 2. c4 e6 3. Nf3 Bb4+ 4. Bd2 a5 5. Nc3 O-O 6. g3 d5 7. b3 Ne4 8. Qc2
Nxd2 9. Qxd2 a4 10. Rc1 axb3 11. axb3 Nc6 12. Bg2 Na5 13. Qb2 c5 14. O-O dxc4
15. dxc5 Nxb3 16. Rc2 Ba3 17. Qb1 Bxc5 18. Ne4 Ra1 19. Qb2 Rxf1+ 20. Bxf1 Qd5
21. Nxc5 Nxc5 22. Qb5 Ne4 23. Qxc4 Qxc4 24. Rxc4 Nd6 25. Rd4 Nf5 26. Rb4 f6 27.
e3 Kf7 28. Bd3 g6 29. Rb6 Rd8 30. Bxf5 gxf5 31. Nd4 Ke7 32. Kg2 Rd6 33. Rb4 e5
34. Nb3 Kf7 35. Na5 Rd7 36. Nc4 b5 37. Rxb5 Ba6 38. Rc5 Kg6 39. Nxe5+ fxe5 40.
Rc6+ Kg5 41. Rxa6 e4 42. h3 Rc7 43. Re6 Rg7 44. f3 exf3+ 45. Kxf3 Rf7 46. h4+
Kh5 47. Re5 Kg6 48. Kf4 h5 49. Re8 Kg7 50. Kg5 Ra7 51. Kxf5 Ra5+ 52. Re5 Ra1
53. Kf4 Rf1+ 54. Ke4 Kh6 55. Rg5 1-0

[Event "4NCL/Div3/PAP vs. GUI4"]
[Site "Wokefield Park ENG"]
[Date "2007.05.05"]
[Round "9.4"]
[White "Stimpson, Philip M"]
[Black "Lang, Heather"]
[Result "1-0"]
[WhiteElo "2097"]
[BlackElo "2061"]
[PlyCount "43"]
[EventDate "2007.05.05"]

1. e4 e5 2. Nf3 Nc6 3. d4 exd4 4. Nxd4 Bc5 5. Be3 Qf6 6. Nb5 Bxe3 7. fxe3 Qh4+
8. g3 Qxe4 9. Nxc7+ Kd8 10. Nxa8 Qxh1 11. Qd6 Nge7 12. Nd2 Qd5 13. Qc7+ Ke8 14.
Qxc8+ Nxc8 15. Nc7+ Ke7 16. Nxd5+ Kd6 17. Bg2 Re8 18. O-O-O Ne5 19. Ne4+ Kc6
20. Nef6 Rd8 21. Ne8 Kc5 22. Nxg7 1-0

[Event "4NCL/Div3/PAP vs. GUI4"]
[Site "Wokefield Park ENG"]
[Date "2007.05.05"]
[Round "9.5"]
[White "Forbes, Cathy"]
[Black "Shepley, Julien M"]
[Result "0-1"]
[WhiteElo "2093"]
[BlackElo "2114"]
[PlyCount "48"]
[EventDate "2007.05.05"]

1. d4 c6 2. c3 f5 3. g4 fxg4 4. e4 d6 5. Bd3 Nd7 6. h3 e5 7. hxg4 g6 8. f4 Bg7
9. Nf3 Qe7 10. Qb3 Ngf6 11. g5 Nh5 12. f5 Ng3 13. Rh3 Nxf5 14. exf5 exd4+ 15.
Kf2 Nc5 16. Qc2 Nxd3+ 17. Qxd3 Bxf5 18. Qf1 Bxh3 19. Qxh3 O-O 20. cxd4 Bxd4+
21. Kg3 Rxf3+ 22. Kxf3 Rf8+ 23. Bf4 Qe3+ 24. Kg2 Qf2+ 0-1

[Event "4NCL/Div3/PAP vs. GUI4"]
[Site "Wokefield Park ENG"]
[Date "2007.05.05"]
[Round "9.6"]
[White "Dreczkowski, Ryszard"]
[Black "Yurenok, Maria S"]
[Result "0-1"]
[WhiteElo "2065"]
[BlackElo "2030"]
[PlyCount "82"]
[EventDate "2007.05.05"]

1. c4 c6 2. g3 d5 3. Bg2 Nf6 4. Nf3 dxc4 5. Na3 Bf5 6. Nxc4 Nbd7 7. d3 g6 8.
Nd4 Nb6 9. Nxb6 Qxb6 10. Nxf5 Qa5+ 11. Bd2 Qxf5 12. Qa4 Qd7 13. Rc1 Bg7 14.
Rxc6 O-O 15. Rc4 b5 16. Bc6 Qxc6 17. Rxc6 bxa4 18. Bc3 Rfc8 19. Rxc8+ Rxc8 20.
Kd2 Nd5 21. Bxg7 Kxg7 22. a3 Kf6 23. e4 Nb6 24. f4 Nd7 25. g4 Nc5 26. e5+ Ke6
27. d4 Nb3+ 28. Ke3 Rc1 29. Rxc1 Nxc1 30. Kd2 Nb3+ 31. Kc3 Kd5 32. Kb4 Kxd4 33.
Kxa4 Kc4 34. h4 h5 35. gxh5 gxh5 36. f5 e6 37. fxe6 Nc5+ 38. Ka5 fxe6 39. b4
Nd7 40. Ka6 Nxe5 41. Kxa7 Kb5 0-1